Geografía universal (Registro nro. 149821)

Detalles MARC
000 -LEADER
campo de control de longitud fija 01106nam a2200217 i 4500
001 - NÚMERO DE CONTROL
campo de control 149821
003 - IDENTIFICADOR DE NÚMERO DE CONTROL
campo de control ES-MaACL
005 - FECHA Y HORA DE LA ÚLTIMA TRANSACCIÓN
campo de control 20250815062537.0
007 - CAMPO FIJO DE DESCRIPCIÓN FÍSICA--INFORMACIÓN GENERAL
campo de control de longitud fija t|
008 - DATOS DE LONGITUD FIJA--INFORMACIÓN GENERAL
campo de control de longitud fija 071024m19281931sp ||||1| spa d
245 00 - MENCIÓN DEL TÍTULO
Título Geografía universal
Resto del título : descripción moderna del mundo /
Mención de responsabilidad, etc. director científico D. Fernando Valls Taberner.
260 ## - PUBLICACIÓN, DISTRIBUCIÓN, ETC.
Lugar de publicación, distribución, etc. Barcelona :
Nombre del editor, distribuidor, etc. Instituto Gallach,
Fecha de publicación, distribución, etc. [1928-1931]
300 ## - DESCRIPCIÓN FÍSICA
Extensión 5 v. :
Otras características físicas il. ;
Dimensiones 30 cm.
505 8# - NOTA DE CONTENIDO CON FORMATO
Nota de contenido con formato Contiene: t. 1. El espacio y la tierra / por D. Victoriano Fernández Ascarza...[et al.] -- t. 2. Europa (menos España y Portugal) / por D. Miguel Santaló...[et al.] -- t. 3. España y Portugal / por D. Miguel Santaló...[et al.] -- t. 4. Asia, Africa, Oceanía, regiones polares / por D. Gonzalo de Reparaz (hijo)...[et al.] -- t. 5. América / por D. Miguel Santaló...[et al.]
650 07 - PUNTO DE ACCESO ADICIONAL DE MATERIA--TÉRMINO DE MATERIA
Término de materia o nombre geográfico como elemento de entrada Geografía
Fuente del encabezamiento o término embne
9 (RLIN) 13070
700 1# - ENTRADA AGREGADA--NOMBRE PERSONAL
Nombre de persona Valls i Taberner, Ferran.
9 (RLIN) 112942
700 1# - ENTRADA AGREGADA--NOMBRE PERSONAL
Nombre de persona Fernández Ascarza, Victoriano,
Fechas asociadas al nombre 1870-1934
9 (RLIN) 49486
700 1# - ENTRADA AGREGADA--NOMBRE PERSONAL
Nombre de persona Santaló, Miguel.
9 (RLIN) 103269
852 ## - LOCALIZACIÓN
Ubicación ES-MaACL
Número de control de estantería A-265-69
Nota libre .- Falta el vol. 1º
Existencias
Estatus retirado Estado de pérdida Estado de daño No para préstamo Biblioteca de origen Biblioteca actual Ubicación en estantería Fecha de adquisición Fuente de adquisición Total de préstamos Signatura topográfica completa Código de barras Visto por última vez Precio de reemplazo Tipo de ítem Koha
        Biblioteca del Ateneo de Madrid Biblioteca del Ateneo de Madrid Sala Pecera Planta 1 17/01/2008     A-265-69 1156338 23/02/2023 23/02/2023 Libro impreso